000 00296nam a2200121Ia 4500
005 20251222154345.0
008 251222s9999||||xx |||||||||||||| ||spa||
082 _a635.049.85/C76
245 0 _aFrutas y hortalizas andinas para el mundo
250 _a1ra. ed.
264 _bPaoline
942 _cLIB
999 _c34691
_d34691